Real Madrid - Les Transferts depuis 2015 - Statistiques

Statistiques générales
  • Ce quiz a été pris 512 fois
  • Le résultat moyen est 19 sur 35
Statistiques - réponses
Année Club d'origine Transfert Joueur % Correct
2024 Paris Saint-Germain Libre Kylian Mbappé
99%
2023 Borussia Dortmund 103 Millions Jude Bellingham
95%
2022 AS Monaco 80 Millions Aurélien Tchouaméni
94%
2021 Stade Rennais 31 Millions Eduardo Camavinga
93%
2024 Palmeiras 47,5 Millions Endrick
91%
2019 Chelsea 120 ,5 Millions Eden Hazard
90%
2018 Flamengo 45 Millions Vinicius Junior
90%
2022 Chelsea Libre Antonio Rüdiger
86%
2023 Fenerbahçe 20 Millions Arda Güler
86%
2019 Santos 45 Millions Rodrygo
86%
2019 Olympique Lyonnais 48 Millions Ferland Mendy
85%
2021 Bayern Munich Libre David Alaba
80%
2019 FC Porto 50 Millions Eder Militao
79%
2019 Eintracht Francfort 63 Millions Luka Jovic
75%
2018 Chelsea 35 Millions Thibaut Courtois
75%
2023 Rayo Vallecano 5 Millions Fran Garcia
60%
2018 Olympique Lyonnais 21,5 Millions Mariano Diaz
57%
2019 FC Tokyo Libre Takefusa Kubo
56%
2018 Zorya Lugansk 8,5 Millions Andriy Lunin
55%
2018 Manchester City 17 Millions Brahim Diaz
55%
2016 Juventus Turin 30 Millions Alvaro Morata
43%
2015 FC Porto 15 Millions Casemiro
42%
2017 Real Betis 16,5 Millions Dani Ceballos
37%
2015 Inter Milan 38 Millions Mateo Kovacic
35%
2015 Majorque 3,9 Millions Marco Asensio
34%
2015 Real Zaragoza 5 Millions Jesus Vallejo
26%
2015 FC Porto 31,5 Millions Danilo
25%
2015 Espanyol Barcelone 1 Millions Lucas Vazquez
25%
2017 Atlético Madrid 24 Millions Théo Hernandez
25%
2019 Flamengo 30 Millions Reinier
24%
2018 Real Sociedad 32 Millions Alvaro Odriozola
20%
2015 Espanyol Barcelone 6 Millions Kiko Casilla
10%
2019 Real Zarargoza 2,5 Millions Alberto Soro
1%
2018 Osasuna 1,75 Millions Lucas Torro
1%
2018 Eintracht Francfort 4 Millions Omar Mascarell
1%
Aucun quiz correspondant
Distribution des résultats
% des personnes avec chaque résultat
Percentile par nombre de réponses
Votre historique - résultats
Vous n’avez pas pris ce quiz